000
00249 a2200097 4500
001
41799
100
_a
Compton's
245
_a
Compton's Pictured Encyclopedia & Fact Index (Vol-VI)
260
_a
Chicago
_b
F E Compton & Co.
_c
090
_c
25910
_d
25910
942
_a
NUST-CAE
_c
M
_c
17681
999
_c
276872
_d
276872